[Event "Chojnice op-B 6th"]
[Site "Chojnice"]
[Date "2010.07.13"]
[Round "6.19"]
[White "Zhuk, Ivan"]
[Black "Gebler, Szymon"]
[Result "1/2-1/2"]
[WhiteElo "1604"]
[BlackElo "1345"]
[PlyCount "25"]
[EventDate "2010.07.08"]
[EventType "swiss"]
[EventRounds "9"]
[EventCountry "POL"]
[SourceTitle "EXT 2023"]
[Source "ChessBase"]
[SourceDate "2022.10.05"]
[SourceVersion "1"]
[SourceVersionDate "2022.10.05"]
[SourceQuality "1"]

1. e4 e5 2. d4 exd4 3. Qxd4 Nc6 4. Qe3 d6 5. Bd2 Be6 6. Nc3 Nf6 7. 0-0-0 g6 8. Qf4 Be7 9. Nh3 d5 10. exd5 Nxd5 11. Nxd5 Bxd5 12. Bc3 Rg8 13. Kb1 1/2-1/2